000 01085nam a2200289 i 4500
001 17537
003 ES-MaACL
005 20250821063015.0
007 t|
008 010402s2000 sp ||||1| spa d
020 _a84-7914-491-2
080 _a224.6/.99.07
100 0 _aJerónimo,
_cSanto
_966343
245 1 0 _aComentarios a los profetas menores.
_nIIIa /
_cSan Jerónimo ; introducción, traducción y notas Avelino Domínguez García.
250 _aEd. bilingüe.
260 _aMadrid :
_bBiblioteca de Autores Cristianos,
_c2000.
300 _aXXIV, 949 p. ;
_c20 cm.
490 1 _aObras completas de San Jerónimo ;
_v3a
490 1 _aBiblioteca de autores cristianos ;
_v606
500 _aTexto en latín y traducción en castellano.
630 0 7 _aBiblia.
_pA.T.-
_xProfetas menores-
_vComentarios.
_9119252
700 1 _aDomínguez García, Avelino.
_945210
830 0 _aObras completas de San Jerónimo ;
_v3a
_9183043
830 0 0 _aBiblioteca de autores cristianos
_v606
_9178679
852 _aES-MaACL
_jJ-593
_bR.129977
999 _c17537
_d17537